header

The question of gender (Record no. 225002)

MARC details
000 -LEADER
fixed length control field 01673nam a2200409 a 4500
082 04 - DEWEY DECIMAL CLASSIFICATION NUMBER
Classification number 305.4201
245 04 - TITLE STATEMENT
Title The question of gender
260 ## - PUBLICATION, DISTRIBUTION, ETC. (IMPRINT)
Place of publication Bloomington :
Name of publisher Indiana University Press,
Year of publication c2011.
300 ## - PHYSICAL DESCRIPTION
Number of Pages 330 p. :
Other physical details ill., ports.
490 1# - SERIES STATEMENT
Series statement 21st Century studies ;
505 0# - FORMATTED CONTENTS NOTE
Formatted contents note pt. 1. Reading Joan Wallach Scott -- pt. 2. The case of history -- pt. 3. Seeing the question -- pt. 4. Body and sexuality in question.
650 #0 - SUBJECT ADDED ENTRY--TOPICAL TERM
Topical Term Sex role.
Topical Term Feminist theory.
Topical Term Feminism.
Topical Term Women
700 1# - ADDED ENTRY--PERSONAL NAME
Personal name Butler, Judith,
Personal name Weed, Elizabeth,
856 40 - ELECTRONIC LOCATION AND ACCESS
Uniform Resource Identifier http://site.ebrary.com/lib/rucke/Doc?id=10481708

No items available.

© 2026 Rongo University
Contact us: librarian | system librarian | Rongo university